000 01538nam a2200301 i 4500
003 EG-GICUC
005 20260314094221.0
008 260128s1944 ua |||fr|||| 00| 0 ara d
040 _a EG-GICUC
_bara
_c EG-GICUC
_d EG-GICUC
_erda
041 0 _aAra
082 0 4 _221
_a343.4
_bأ ن . م
092 0 4 _221
099 _aLaw1 10 343.4 أ ن . م 1944
100 0 _aأنطون صفير
_eمؤلف.
245 1 0 _aمدونة التشريعات الإستثنائية :
_bوهى تتضمن بحثا فى نظام الأحكام العرفية والنصوص الكاملة لجميع التشريعات التى تطبقها المحاكم العسكرية من قوانين، ومراسم، وأوامر صادرة من السلطة القائمة على إجراء الأحكام العرفية أو من مندوبيها وقرارات وزارية وغيرها من اللوائح المنفسدة لتلك التشريعات.
_nالجزء الثالث /
_cتأليف لواضعها أنطون صفير.
264 3 _aالقاهرة :
_bمطبعة مصر،
_c1944.
300 _a1496-2118 صفحة؛
_c24 سم.
336 _2rda content
_atext
337 _2rda media
_aComputer
338 _2rda carrier
_aOnline Resource
546 _aالنص باللغة العربية
650 1 _aالتشريعات الجنائية الخاصة
_2qrmak
650 1 _aالقانون الجنائى
_2qrmak
651 1 _2qrmak
856 4 0 _uhttps://fll.law.cu.edu.eg/fulltext/bks/B10-08728.pdf
905 _a54
942 _2ddc
_cBK
_e21
_n0
999 _c59979
_d59979